Most Populous Bordering German State Pairs - Statistics

General Stats
  • This quiz has been taken 48 times
  • The average score is 19 of 24
Answer Stats
Population German State % Correct
24,243,226 Bavaria
97%
19,433,337 Bavaria
97%
17,197,124 Bavaria
97%
15,260,420 Bavaria
97%
17,197,124 Saxony
88%
24,243,226 Baden-Württemberg
84%
17,396,197 Baden-Württemberg
84%
15,201,434 Baden-Württemberg
84%
25,928,991 Lower Saxony
78%
14,296,575 Lower Saxony
78%
10,914,296 Lower Saxony
78%
10,534,492 Lower Saxony
78%
25,928,991 North Rhine-Westphalia
78%
24,218,724 North Rhine-Westphalia
78%
22,023,961 North Rhine-Westphalia
78%
10,534,492 Brandenburg
72%
22,023,961 Rhineland-Palatinate
69%
15,201,434 Rhineland-Palatinate
69%
24,218,724 Hesse
66%
19,433,337 Hesse
66%
17,396,197 Hesse
66%
14,296,575 Hesse
66%
10,914,296 Schleswig-Holstein
66%
15,260,420 Thuringia
66%
No matching quizzes found
Score Distribution
Percent of People with Each Score
Percentile by Number Answered
Your Score History
You have not taken this quiz